Cricket: Most Runs Conceded in a T20i Innings - Statistics

General Stats
  • This quiz has been taken 7 times
    5 since last reset
  • The average score is 7 of 28
Answer Stats
For Against Year Figures Answer % Correct
NZ AUS 2021 4.0-0-60-0 James Neesham
60%
ENG IND 2007 4.0-0-60-0 Stuart Broad
60%
ENG AUS 2007 4.0-0-64-1 James Anderson
40%
SL IND 2017 4.0-0-61-2 Nuwan Pradeep
40%
SL AUS 2021 4.0-0-62-3 Akila Dananjaya
20%
AUS NZ 2018 4.0-0-64-2 Andrew Tye
20%
IRE AFG 2017 4.0-0-69-0 Barry McCarthy
20%
NZ AUS 2018 3.1-0-64-0 Ben Wheeler
20%
ZIM SA 2010 4.0-0-59-1 Chris Mpofu
20%
ZIM PAK 2011 4.0-0-59-0 Chris Mpofu
20%
ZIM BAN 2020 4.0-0-58-1 Chris Mpofu
20%
SA AUS 2016 4.0-0-58-0 David Wiese
20%
AUS ENG 2018 4.0-0-59-0 Kane Richardson
20%
SL AUS 2019 4.0-0-75-0 Kasun Rajitha
20%
WI NZ 2020 4.0-0-64-0 Keemo Paul
20%
WI IND 2019 3.4-0-60-0 Kesrick Williams
20%
SA WI 2015 4.0-0-68-1 Kyle Abbott
20%
KEN SL 2007 4.0-0-61-0 Lameck Onyango
20%
BAN PAK 2014 4.0-0-63-0 Mashrafe Mortaza
20%
ENG AUS 2018 4.0-0-58-1 Moeen Ali
20%
BAN WI 2012 4.0-0-63-2 Rubel Hossain
20%
ENG SA 2009 4.0-0-61-1 Sajid Mahmood
20%
SL PAK 2007 4.0-0-64-0 Sanath Jayasuriya
20%
NZ SL 2019 4.0-0-58-0 Seth Rance
20%
AFG IRE 2017 4.0-0-60-1 Shapoor Zadran
20%
SL AUS 2016 4.0-0-58-1 Thisara Perera
20%
PAK SA 2019 4.0-0-63-0 Usman Shinwari
20%
IND SA 2018 4.0-0-64-0 Yuzvendra Chahal
20%
No matching quizzes found
Score Distribution
Percent of People with Each Score
Percentile by Number Answered
Your Score History
You have not taken this quiz since the last reset